Memorandum on the fluctuations in the price of natural rubber (Record no. 19312)

MARC details
000 -LEADER
fixed length control field 00304nam a2200109Ia 4500
082 ## - DEWEY DECIMAL CLASSIFICATION NUMBER
Classification number NR:338.5
Item number ADA;1
100 ## - MAIN ENTRY--AUTHOR NAME
Personal name P F
245 #0 - TITLE STATEMENT
Title Memorandum on the fluctuations in the price of natural rubber
260 ## - PUBLICATION, DISTRIBUTION, ETC. (IMPRINT)
Place of publication Kuala Lumpur
Name of publisher Govt Press
Year of publication 1958
942 ## - ADDED ENTRY ELEMENTS (KOHA)
Koha item type Books
Holdings
Withdrawn status Lost status Damaged status Not for loan Home library Current library Date acquired Cost, normal purchase price Full call number Accession Number Koha item type
        RRII Library RRII Library 16/12/2021 1.00 NR:338.5 ADA;1 00050 Books